Guerilla warfare / (Record no. 13998)
[ view plain ]
| 000 -LEADER | |
|---|---|
| fixed length control field | 01387nam a2200205 a 4500 |
| 001 - CONTROL NUMBER | |
| control field | ASIN8182744083 |
| 005 - DATE AND TIME OF LATEST TRANSACTION | |
| control field | 20170105102844.0 |
| 008 - FIXED-LENGTH DATA ELEMENTS--GENERAL INFORMATION | |
| fixed length control field | 130805s2009 xxu eng d |
| 020 ## - INTERNATIONAL STANDARD BOOK NUMBER | |
| International Standard Book Number | 8182744083 (hardcover) |
| Terms of availability | $52.95 |
| 020 ## - INTERNATIONAL STANDARD BOOK NUMBER | |
| International Standard Book Number | 9788182744080 (hardcover) |
| 040 ## - CATALOGING SOURCE | |
| Original cataloging agency | 0 |
| 082 ## - DEWEY DECIMAL CLASSIFICATION NUMBER | |
| Classification number | 00000 |
| 100 1# - MAIN ENTRY--PERSONAL NAME | |
| Personal name | Weir. |
| 245 10 - TITLE STATEMENT | |
| Title | Guerilla warfare / |
| Statement of responsibility, etc. | Weir. |
| 260 ## - PUBLICATION, DISTRIBUTION, ETC. | |
| Place of publication, distribution, etc. | [S.l.] : |
| Name of publisher, distributor, etc. | Motilal UK Books of India, |
| Date of publication, distribution, etc. | 2009. |
| 300 ## - PHYSICAL DESCRIPTION | |
| Extent | 253 p. ; |
| Dimensions | 24 cm. |
| 520 ## - SUMMARY, ETC. | |
| Summary, etc. | The twentieth century produced scores of such conflicts, whether as sideshows of the world wars or as the main events in wars of revolution or liberation. "Guerrilla Warfare" examines twenty-one of these conflicts, shedding light on the remarkable capabilities of unconventional fighters to outlast and defeat their enemies. "Guerrilla Warfare" covers a century of unconventional fighters at war including: succinct accounts of 21 guerrilla conflicts in the twentieth century; the exploits of men like Lawrence of Arabia, Orde Wingate, Mao Zedong, and Che Guevera; the American hunt for Pancho Villa; Mao versus Chiang in the Chinese Civil War; the showdown at Dien Bien Phu in 1954; France's long war in Algeria; the Siege of Khe Sanh in the Vietnam War; the Afgan-Soviet War from 1979 to 1989; and, more. |
| 856 40 - ELECTRONIC LOCATION AND ACCESS | |
| Materials specified | Amazon.com |
| Uniform Resource Identifier | <a href="http://www.amazon.com/exec/obidos/ASIN/8182744083/chopaconline-20">http://www.amazon.com/exec/obidos/ASIN/8182744083/chopaconline-20</a> |
| 942 ## - ADDED ENTRY ELEMENTS (KOHA) | |
| Source of classification or shelving scheme | |
| Koha item type | Book |
| Withdrawn status | Lost status | Damaged status | Not for loan | Collection code | Permanent Location | Current Location | Shelving location | Date acquired | Total Checkouts | Full call number | Barcode | Date last seen | Price effective from | Koha item type |
|---|---|---|---|---|---|---|---|---|---|---|---|---|---|---|
| Centre for International Peace & Stability (CIPS) | Centre for International Peace & Stability (CIPS) | General Stacks | 08/05/2013 | 355.0218 WEI 2009 | CIPS0000515 | 08/05/2013 | 01/05/2017 | Book |
